Autoportraits

Guardat en:
Dades bibliogràfiques
Autor principal: Uguay, Marie
Format: Llibre
Idioma:English
Publicat: Quebec, Canadá Noroit 1982
Matèries:
Etiquetes: Afegir etiqueta
Sense etiquetes, Sigues el primer a etiquetar aquest registre!

MARC

LEADER 00000nam a2200000Ia 4500
008 170316s9999 xx 000 0 eng d
040 |a cru BVZT 
090 |a 818 U-1a 
100 |a Uguay, Marie 
245 |a Autoportraits 
260 |a Quebec, Canadá 
260 |b Noroit 
260 |c 1982 
300 |a [s.páginas] 
650 |a LITERATURA CANADIENSE 
650 |a EN IDIOMA INGLÉS 
650 |a POESÍAS 
942 |c 15 D 
999 |c 6668  |d 6668